Testimonios y documentos de la literatura chilena: 1842 - 1975

Furkejuvvon:
Bibliográfalaš dieđut
Váldodahkki: Promis Ojeda, José (autor)
Materiálatiipa: Girji
Giella:espánnjágiella
Almmustuhtton: Santiago Nascimento 1977
Fáttát:
Fáddágilkorat: Lasit fáddágilkoriid
Eai fáddágilkorat, Lasit vuosttaš fáddágilkora!

MARC

LEADER 00000nam a2200000 a 4500
001 UCQ2248
003 CL-VaPUC
008 980724e19770000CL |||||||||||||||||spa|d
082 0 4 |a Ch860.9  |b PRO  |2 21 
100 |a Promis Ojeda, José  |e autor  |9 477475 
245 1 0 |a Testimonios y documentos de la literatura chilena: 1842 - 1975 
300 |a 386 p 
942 |c BK 
945 |d 19980724 00:00:00  |a lriquelm 
260 |a Santiago  |b Nascimento  |c 1977 
650 0 |a Literatura chilena   |9 308278 
650 0 |a Crítica literaria   |9 269189 
583 |a last modification  |c 19980724 00:00:00  |k Rodrigo Vera 
999 |c 273085  |d 273083 
952 |0 0  |1 0  |4 0  |6 CH_860_900000000000000_PRO_1977  |7 0  |8 A  |9 308370  |a BIBEDU  |b BIBEDU  |d 2019-11-20  |i 1443712  |o Ch860.9 PRO 1977  |p 1443712  |r 2019-11-20  |w 2019-11-20  |y BK  |k LIT 
952 |0 0  |1 0  |4 0  |6 CH_860_900000000000000_PRO_1977  |7 0  |8 A  |9 308371  |a BIBEDU  |b BIBEDU  |d 2019-11-20  |i 1443763  |o Ch860.9 PRO 1977  |p 1443763  |r 2019-11-20  |w 2019-11-20  |y BK  |k LIT 
952 |0 0  |1 0  |4 0  |6 CH_860_900000000000000_PRO_1977  |7 0  |8 A  |9 308372  |a BIBEDU  |b BIBEDU  |d 2019-11-20  |i 1443666  |o Ch860.9 PRO 1977  |p 1443666  |r 2019-11-20  |w 2019-11-20  |y BK  |k LIT 
952 |0 0  |1 0  |4 0  |6 CH_860_900000000000000_PRO_1977  |7 0  |8 A  |9 308373  |a FDOPOS  |b FDOPOS  |d 2019-11-20  |i 1318748  |o Ch860.9 PRO 1977  |p 1318748  |r 2025-01-22  |w 2019-11-20  |y BK  |k MLH 
952 |0 0  |1 0  |4 0  |6 CH_860_900000000000000_PRO_1977  |7 0  |8 A  |9 308374  |a FDOPOS  |b FDOPOS  |d 2019-11-20  |i 3714144  |o Ch860.9 PRO 1977  |p 3714144  |r 2025-01-22  |w 2019-11-20  |y BK  |k MLH